Annual report, 2017 (Record no. 34431)

MARC details
000 -LEADER
fixed length control field 00651nam a2200145 a 4500
008 - FIXED-LENGTH DATA ELEMENTS--GENERAL INFORMATION
fixed length control field 180626s2017 ||||||||||||||||| || u
050 ## - LIBRARY OF CONGRESS CALL NUMBER
Classification number ZWMA905)AR/2017
110 ## - MAIN ENTRY--CORPORATE NAME
Corporate name or jurisdiction name as entry element Zambia Weights and Measures Agency (ZWMA)
245 10 - TITLE STATEMENT
Title Annual report, 2017
Statement of responsibility, etc. by Zambia Weights and Measures Agency [ZWMA]
260 ## - PUBLICATION, DISTRIBUTION, ETC.
Place of publication, distribution, etc. Lusaka
Name of publisher, distributor, etc. Zambia Weights and Measures Agency (ZWMA)
Date of publication, distribution, etc. 2017
300 ## - PHYSICAL DESCRIPTION
Extent 77 pages: illustrations
650 ## - SUBJECT ADDED ENTRY--TOPICAL TERM
Topical term or geographic name entry element ZAMBIA METROLOGY AGENCY
650 ## - SUBJECT ADDED ENTRY--TOPICAL TERM
Topical term or geographic name entry element ZAMBIA WEIGHTS AND MEASURES AGENCY (ZWMA)
995 ## - RECOMMENDATION 995 [LOCAL, UNIMARC FRANCE]
-- CBU-MAIN LIBRARY (Kitwe)
-- 1
-- AVAILABLE
-- Jun 26, 2018
-- Zambian Periodical
-- Zambiana Collection
Holdings
Withdrawn status Lost status Source of classification or shelving scheme Damaged status Not for loan Home library Current library Shelving location Date acquired Total Checkouts Full call number Barcode Date last seen Price effective from Koha item type
          CBU-MAIN LIBRARY, KITWE. CBU-MAIN LIBRARY, KITWE.   11/30/2022   ZWMA905)AR/2017 B3643 11/30/2022 11/30/2022 MONOGRAPH